000 01647nam2a2200241 4500
001 rc\2887746
005 20260315052803.0
035 _a(NLR Aleph) 007040213
090 _a13587222
_c13587222
100 _a20110727d1930 u y0rusy50 ca
101 0 _arus
102 _aRU
105 _aae z |||||
200 0 _aТ. 1
210 _d1930
215 _a205 с., [4] вкл. л. черт.
_cил., черт., граф., план.
320 _aБиблиогр.: "Список литературы" (37 названий)
461 0 _1001rc\2887745
_12001#$aГидрогеологические исследования для проектируемых гидроэлектростанций в Закавказье$eМатериалы Бюро по исследованию и изуч. подземных вод ... Т. 1$fПод общ. ред. В.С. Ильина$vТ. 1
_96089951
_aГос. Научно-экспериментальный институт гражданских, промышленных и инженерных сооружений (Москва). Бюро по исследованию и изучению подземных вод
_cМосква
_d1930
_fПод общ. ред. В.С. Ильина
_nГос. техн. изд-во
_oМатериалы Бюро по исследованию и изуч. подземных вод ... Т. 1
_tГидрогеологические исследования для проектируемых гидроэлектростанций в Закавказье
_vТ. 1
801 0 _aRU
_bNLR
_gpsbo
801 1 _aRU
_bELAR
_2rusmarc
852 _aNLR
_j30.19/621(2)
942 _cUNSPEC
980 _aNB